[Event "Paris Immopar rapid"]
[Site "Paris"]
[Date "1992.??.??"]
[Round "1"]
[White "Polgar, Judit"]
[Black "Timman, Jan H"]
[Result "1-0"]
[WhiteElo "2575"]
[BlackElo "2665"]
[Annotator "Knaak,R"]
[PlyCount "75"]
[EventDate "1992.11.??"]
[EventType "k.o. (rapid)"]
[EventRounds "4"]
[EventCountry "FRA"]
[Source "ChessBase"]
[SourceDate "1993.04.01"]

1. e4 e6 2. d4 d5 3. Nc3 Bb4 4. e5 Ne7 5. a3 Bxc3+ 6. bxc3 c5 7. Qg4 Qc7 8. Bd3
$5 cxd4 9. Ne2 h5 $5 (9... dxc3 10. Qxg7 Rg8 11. Qxh7 Nbc6 12. Bf4 $1 Bd7 13.
O-O O-O-O 14. Bg3 $1 $14 Nxe5 (14... d4 15. Qh4 (15. Qxf7 $5) 15... Be8 16.
Rfe1 Ng6 17. Bxg6 fxg6 18. Rad1 Qb6 19. Qf6 $16 {Watson-Franklin/GB-ch/1989})
15. Rfe1 Nf5 (15... N7c6 16. Nxc3 Nd4 (16... a6 17. Rab1 {/\ Na4+/-^^ (Am.
Rodriguez)}) 17. Ne2 Ndf3+ $2 (17... Ndc6 {(Am. Rodriguez)}) 18. gxf3 Nxf3+ 19.
Kg2 Nxe1+ 20. Rxe1 e5 21. Bf5 $16 {Am. Rodriguez-Paneque/Havana/1990}) 16. Bxf5
exf5 17. Qh4 Ng6 18. Qb4 Qc4 19. Qd6 f4 20. Nxf4 Be6 21. Qb4 Qxb4 22. axb4 Nxf4
23. Bxf4 $16 {Szalanczy-Uhlmann/Budapest op/1987}) 10. Qxg7 Rg8 11. Qh6 dxc3
12. Qxh5 (12. Bf4 $5 Nbc6 13. O-O Bd7 (13... Ng6 $1) 14. Nxc3 a6 15. Rab1 Nd4
16. Ne2 Nef5 17. Qxh5 O-O-O 18. Ng3 Nxg3 19. Bxg3 $16 {Bellin-Levitt/GB-ch/1987
}) 12... Nbc6 (12... Nd7 $5 13. Bf4 Nc5 14. Qf3 Bd7 15. O-O Rc8 16. Bg3 Nxd3
17. Qxd3 Nf5 18. Rfe1 Ba4 $44 {Cid-Borgstaedt/Biel op/1991}) 13. O-O Qxe5 14.
Qxe5 Nxe5 15. Nxc3 $10 Bd7 (15... Nxd3 16. cxd3 b6 17. Nb5 Kd7 18. Bf4 Ng6 19.
Bg3 f5 20. f4 Bb7 21. Rac1 Bc6 22. Nd4 Ba4 23. Rce1 Rge8 24. Rc1 Nf8 25. Bf2
Ng6 26. g3 {1/2 Karnitzschky-Kaden/corr/1988}) 16. Bf4 Nxd3 17. cxd3 Bc6 (17...
d4 $6 18. Ne4 $16) 18. d4 $1 Rg4 $6 (18... f6 $5) 19. Be5 Kd7 20. f3 Rg6 21. g4
$1 $14 f6 (21... Nf5 22. Kf2 Nd6 23. h4 $14) 22. Bg3 Rag8 (22... f5 23. h3) 23.
Ne2 $1 Bb5 24. Rfe1 Bxe2 $2 25. Rxe2 Nc6 26. Rb2 $1 $16 b6 27. Rc1 Rc8 28. Rbc2
$18 Rgg8 29. Kf2 e5 30. dxe5 fxe5 31. h4 Rgf8 32. h5 e4 33. h6 $1 Rxf3+ 34. Kg2
Rf6 35. g5 Rg6 36. Rxc6 $1 Rgxc6 37. Rxc6 Kxc6 38. h7 1-0

[Event "Paris Immopar rapid"]
[Site "Paris"]
[Date "1992.??.??"]
[Round "1"]
[White "Timman, Jan H"]
[Black "Polgar, Judit"]
[Result "0-1"]
[WhiteElo "2665"]
[BlackElo "2575"]
[Annotator "Knaak,R"]
[PlyCount "82"]
[EventDate "1992.11.??"]
[EventType "k.o. (rapid)"]
[EventRounds "4"]
[EventCountry "FRA"]
[Source "ChessBase"]
[SourceDate "1993.04.01"]

1. d4 Nf6 2. c4 g6 3. Nc3 Bg7 4. e4 d6 5. f3 O-O 6. Be3 c5 7. dxc5 dxc5 8. Qxd8
Rxd8 9. Bxc5 Nc6 10. Nd5 Nd7 11. Bxe7 Nxe7 12. Nxe7+ Kf8 13. Nd5 Bxb2 14. Rd1
$5 $146 Nc5 15. Ne2 Bd7 (15... Bg7 $5 16. Nec3 (16. Nc7 Rxd1+ 17. Kxd1 Rb8 $13)
16... Bd7 17. Be2 Rac8 18. Kf2 $13) (15... Be6 16. Nd4 Na4 17. Kf2 Nc3 18. Rd2
$16) 16. Nec3 $14 Be6 17. Be2 Rac8 18. Kf2 Rc6 19. Nb5 (19. Rb1 $5 Bxc3 20.
Nxc3 Rd2 21. Ke3 Rc2 22. Rhc1 $16) 19... Ra6 20. Rd2 Be5 (20... Rxa2 $2 21.
Nbc3 Nb3 22. Nxa2 Nxd2 23. Ke3 Nb3 24. Rb1 $18) 21. Rb1 h5 $1 $44 22. Kg1 (22.
g3 h4) 22... h4 23. Rbd1 g5 24. Bf1 Ra4 25. Ndc3 Rxd2 26. Rxd2 Rb4 27. Nd5 Rb1
28. Nxa7 Bxd5 29. Rxd5 Bf4 30. Kf2 Bxh2 31. Rxc5 Bg3+ 32. Kg1 (32. Ke2 $2 Re1+
33. Kd3 Rxf1 34. Rxg5 Rg1 $17) 32... Bf4 33. Kf2 Bg3+ 34. Kg1 Bf4 35. Rb5 $2 (
35. Kf2 $10) 35... Be3+ 36. Kh2 Rxf1 37. Rxb7 g4 $1 $19 38. fxg4 Bf4+ 39. g3
hxg3+ 40. Kg2 Rf2+ 41. Kg1 Rxa2 0-1

[Event "Hastings 9293"]
[Site "Hastings"]
[Date "1992.??.??"]
[Round "3"]
[White "Speelman, Jonathan S"]
[Black "Polgar, Judit"]
[Result "1-0"]
[WhiteElo "2590"]
[BlackElo "2575"]
[Annotator "Knaak,R"]
[PlyCount "63"]
[EventDate "1992.12.??"]
[EventType "tourn"]
[EventRounds "14"]
[EventCountry "ENG"]
[EventCategory "13"]
[Source "ChessBase"]
[SourceDate "1993.04.01"]

1. d4 Nf6 2. Nf3 g6 3. c4 Bg7 4. Nc3 O-O 5. e4 d6 6. Be2 e5 7. O-O Nc6 8. d5
Ne7 9. b4 Nh5 10. g3 (10. c5 Nf4 11. Bxf4 exf4 12. Rc1 h6 $13) (10. Nd2 Nf4 11.
a4 f5 12. Bf3 g5 $13) 10... f5 11. Ng5 (11. Nd2 Nf6 12. f3 Bh6 13. Nb3 Bxc1 14.
Rxc1 f4 15. g4 g5 16. c5 Ng6 17. a4 h5 18. h3 Rf7 19. Kf2 Nh4 {Yudovich,
M-Gufeld,E/URS/1966/0-1/34/}) 11... Nf6 12. f3 (12. exf5 Nxf5 13. Nge4 a5 14.
b5 Nxe4 15. Nxe4 Nd4 {Kuzmin,G-Taimanov,M/URS/1967/1/2-1/2/1967/}) 12... Kh8 (
12... a5 $6 13. bxa5 Rxa5 14. Qb3 b6 (14... f4 15. Ne6 Bxe6 16. dxe6 b6 17. Nd5
$16) 15. Bd2 f4 16. a4 Ra8 17. Ne6 $1 Bxe6 18. dxe6 c6 19. Rfb1 Rb8 20. a5 bxa5
21. Qxb8 Qxb8 22. Rxb8 Rxb8 23. Rxa5 $16) (12... c6 13. b5 h6 14. Ne6 Bxe6 15.
dxe6 Ne8 16. bxc6 bxc6 17. Ba3 c5 18. Qa4 Nc7 19. Qd7 Qxd7 20. exd7 Nc6 21. Bd1
Nd4 22. Kg2 Kf7 23. Ba4 $16) (12... f4 13. Kg2 Kh8 (13... a5 14. bxa5 Rxa5 15.
Qb3 $1 Ne8 16. Bd2 Ra8 17. c5 $1 Kh8 18. cxd6 Nxd6 19. Ne6 $14) 14. c5 {Van
Wely,L-Nunn,J/Wijk/1992/1-0/36/ -> CBM [Van Gleich]}) 13. Be3 $5 (13. Kg2 $1
Neg8 (13... f4 {Van Wely,L-Nunn,J/Wijk/1992/}) 14. c5 Qe7 15. Qb3 Ne8 16. Ne6
$16 {Van Wely,L-Wahls,M/Tastrup/1992/0-1/39/}) 13... Ne8 $6 (13... f4 14. Bf2 (
14. gxf4 exf4 15. Bxf4 Nh5 16. Bd2 Nf4 $44) 14... fxg3 15. hxg3 Bh6 (15... Nh5
$5 {/\ 16...Ne7xd5}) 16. Ne6 Bxe6 17. dxe6 Qc8 18. Nd5 Qxe6 19. Nxc7 Qh3 20.
Qxd6 (20. Qb3 $5 Nh5 $1 21. f4 Rac8 22. Nb5 exf4 23. Bxh5 Qxh5 $13) (20. Qe1 $2
Nh5 $1 21. Bd1 (21. Nxa8 Nf4 $1 22. gxf4 Bxf4 23. Bg3 Bxg3 24. Rf2 Rxa8 $19)
21... Nf4 22. gxf4 Bxf4 23. Bg3 Bxg3 24. Qe2 Rac8 $19) 20... Be3 21. Bxe3 Qxg3+
{1/2 Grimm-Winterstein/2.BLW 9192/1991}) 14. Qd2 f4 (14... h6 15. Ne6 Bxe6 16.
dxe6 Qc8 17. Bxh6 Qxe6 $14) 15. gxf4 exf4 16. Bxf4 $16 h6 17. Ne6 Bxe6 18. dxe6
Rxf4 (18... Ng8) 19. Qxf4 Bxc3 20. Qxh6+ Kg8 21. Rad1 $16 {/\ f3-f4-f5} Qc8 22.
Qh3 c5 (22... Ng7 23. f4 {/\ 24.Qxc3} Bxb4 24. f5 $18) 23. f4 $1 cxb4 $2 (23...
Bd4+ $5 24. Rxd4 cxd4 25. f5 Kg7 26. c5 $1 $16 (26. fxg6 Nf6 27. Rxf6 Kxf6 28.
Qh4+ Ke5 $13)) 24. f5 $18 Qc5+ 25. Kh1 Qe5 26. fxg6 Qh8 (26... Nxg6 27. Rg1
Qxe4+ (27... Kg7 28. Qg4 $18) 28. Bf3 Qc2 29. Rg2 $18) 27. Qh7+ Qxh7 28. gxh7+
Kxh7 (28... Kh8 29. Rf8+ Kxh7 30. Rf7+) 29. Rf7+ Kh6 30. Rxe7 a5 31. Rg1 Nf6
32. Reg7 1-0

[Event "Hastings 9293"]
[Site "Hastings"]
[Date "1992.??.??"]
[Round "7"]
[White "Bareev, Evgeny"]
[Black "Polgar, Judit"]
[Result "0-1"]
[WhiteElo "2670"]
[BlackElo "2575"]
[Annotator "Polgar,J"]
[PlyCount "98"]
[EventDate "1992.12.??"]
[EventType "tourn"]
[EventRounds "14"]
[EventCountry "ENG"]
[EventCategory "13"]
[Source "ChessBase"]
[SourceDate "1993.04.01"]

1. d4 Nf6 2. c4 g6 3. Nc3 Bg7 4. e4 d6 5. Be2 O-O 6. Bg5 Na6 7. h4 (7. Qd2 {
ChessBase} e5 8. d5 c6 (8... Qe8 9. Bd1 (9. f3 Nh5 10. Bd1 f5 11. Nge2 Qf7 12.
Bc2 Nc5 13. b4 Nd7 14. O-O {/\ g4} f4 15. Nb5 $5 Nb6 {Agrest,E-Grabarczyk,B/
Bielsko Biala/1990/} 16. c5 $1 Nc4 17. Qd3 Ne3 18. cxd6 Nxf1 19. Nxc7 Rb8 20.
Rxf1 $16) (9. Nf3 Nh5 (9... Nc5 10. Qc2 a5 11. Nd2 $14) 10. g3 f5 11. exf5 (11.
Bh6 f4 $15) 11... gxf5 12. Bh6 f4 $1 13. Bxg7 Kxg7 $6 14. Rg1 $1 Kh8 15. g4 Nf6
16. g5 Nh5 17. O-O-O Nc5 18. g6 Ng7 $14 {Gulko,B-Djurhuus,R/Manila ol/1992/1/
2-1/2/41/}) 9... Bd7 (9... Nh5 10. Ba4 (10. Bxh5) 10... Bd7 11. Bxd7 Qxd7 12.
Nge2 f5 13. exf5 gxf5 14. Ng3 $13) (9... Nc5 10. Bc2 a5 11. Nge2 $1 Bd7 (11...
Nh5 $2 12. Nb5 $1 Qd7 13. O-O-O b6 14. f3 a4 $1 {Seirawan,Y-Piket,J/Wijk/1991/
0-1/} (14... Ba6 15. a4 $16) 15. Be3 $16 {/\ 16.Ne2-c3}) 12. f3 $5 (12. O-O $6
Nh5) 12... b5 13. cxb5 Bxb5 14. Nxb5 Qxb5 15. Rb1 {/\ 0-0}) 10. h3 Kh8 11. g4
Ng8 12. Bc2 f6 (12... f5 13. exf5 gxf5 14. f3 $14) 13. Be3 f5 14. exf5 gxf5 15.
gxf5 Bxf5 (15... Ne7 16. f6 Bxf6 17. O-O-O Nf5 18. Bg5 $14) 16. Bxf5 Rxf5 17.
Nge2 Nc5 18. O-O-O a6 19. Rhg1 b5 20. Qc2 $1 Rf3 $2 21. Ne4 Nxe4 22. Qxe4 $16
Qf8 23. Rxg7 $3 Kxg7 24. Nd4 $18 {Miralles,G-Weindl,A/SWZ/1990/1-0/43/}) (8...
Nc5 9. f3 a5 10. O-O-O Bd7 11. Kb1 $6 a4 12. g4 $6 c6 (12... a3 13. b4 Na4 14.
Nb5 $13) 13. dxc6 Bxc6 14. Qxd6 (14. Nd5 Ne6) 14... Qxd6 15. Rxd6 Nfxe4 16.
fxe4 Bxe4+ 17. Nxe4 Nxe4 18. Be7 Rfe8 19. Rd7 Nf2 20. Bf3 e4 {Gulko,B-Polgar,J/
Aruba/1992/0-1/48/}) 9. f3 (9. Bd1 $5 cxd5 10. cxd5 b5 $1 11. a3 Nc5 12. f3 {
/\ b2-b4} (12. Bc2 $2 a5 13. Nge2 Bd7 $17) 12... a5 13. Nxb5 Ba6 (13... a4 14.
Nc3 $8 (14. Rc1 Qb6 $17 (14... Ba6 $2 15. Rxc5 dxc5 16. Bxa4 $16)) 14... Qa5
$44 (14... Ba6 15. Bc2 Rb8 16. Rb1 Qa5 $2 17. Nxa4 $1 Qxd2+ 18. Kxd2 $1)) 14.
a4 $1 Rb8 15. Ne2 Bxb5 16. axb5 Rxb5 17. Ra2 Qb6 18. Nc3 $1 Rb4 19. Be3 Nfd7
20. Ba4 $5 Qa6 21. Bxd7 Nxd7 22. Qe2 {Petursson,M-Wojtkiewicz,A/Bad Wörishofen/
1991/1-0/64/}) (9. Bd3 $1 Nc5 10. Bc2 Qb6 $6 (10... a5 11. Nge2 (11. f3 $6 cxd5
12. cxd5 h6 13. Be3 Bd7 14. a4 Nh5 $10) 11... cxd5 12. cxd5 Bd7 $5 (12... b5 $5
13. Nxb5 h6 14. Bxf6 (14. Bxh6 Nfxe4 15. Qe3 f5 $13) 14... Bxf6 15. O-O $14))
11. Rb1 Qb4 $2 (11... a5 12. Nge2 $14) 12. Nge2 $1 $16 a5 (12... Qxc4 13. Bxf6
Bxf6 14. b4 {/\} Na6 $2 15. Bd3 $18) 13. a3 Qxc4 $5 (13... Qb6 14. b4 axb4 15.
axb4 Na6 16. dxc6 bxc6 17. Bxf6 Bxf6 18. Qxd6 Be6 19. Nd5 $1) 14. Bxf6 Bxf6 15.
b4 axb4 16. axb4 cxd5 17. bxc5 $16 {Petursson,M-Nunn,J/Reykjavik/1990/1-0/34/})
(9. Nf3 Nc5 10. Bxf6 Qxf6 (10... Bxf6 11. b4 Na6 12. a3 cxd5 13. cxd5 Bg4 14.
h3 Bxf3 15. Bxf3 Bg5 $10) 11. b4 Na6 12. a3 c5 $1 $10 13. Rb1 Qe7 14. O-O f5
15. Ne1 {Bareev,E-Kuzmin,G/URS-ch/1990/1-0/45/} fxe4 $1 (15... f4 16. f3 b6 17.
Nd3 Bd7 18. bxc5 Nxc5 19. Nxc5 bxc5 20. Bd1 $14) (15... Qh4 16. Nd3 $14) 16.
Nxe4 Bf5 17. Bf3 b6 18. Nd3 Rac8 19. bxc5 Bxe4 20. Bxe4 Nxc5 $10) 9... cxd5 10.
cxd5 Qa5 (10... h6 $5 11. Be3 Nh5) 11. g4 $1 Bd7 12. Nh3 Rfc8 (12... Rab8 13.
O-O b5 14. a3 $16) 13. Nf2 Nc5 14. Rb1 $1 Qb4 (14... Na4 15. Nb5 $1 $16) 15.
Nb5 $5 Qxd2+ 16. Kxd2 Ne8 17. Rhc1 {Petursson,M-Kotronias,V/Reykjavik/1992/1-0/
53/}) (7. f4 {ChessBase} c6 (7... Qe8 8. Qd2 (8. Nf3 e5 $1 9. fxe5 (9. dxe5
dxe5 10. Nxe5 Nc5 $44) 9... dxe5 10. d5 (10. Nxe5 c5 $36) (10. dxe5 Ng4 11. Nd5
Nxe5 12. Be7 (12. Nf6+ Bxf6 13. Bxf6 Ng4 $1 $15) 12... c6) 10... h6 11. Bxf6 $5
(11. Bh4 Ng4 12. Qd2 f5 $13) 11... Bxf6 12. a3 Qe7 $10 {Mohr,S-Miles,A/Bad
Wörishofen/1990/0-1/54/}) (8. e5 Nd7 {/\ c5}) 8... e5 9. fxe5 dxe5 10. d5 Nc5
11. Qe3 Na4 12. Nb5 Qe7 13. O-O-O a6 14. d6 cxd6 15. Nxd6 $13 {Tukmakov,
V-Mortensen,E/Reykjavik/1990/}) 8. Nf3 b5 $5 (8... Nc7 $1 9. d5 (9. Qd2 Ne6 (
9... d5 10. Bxf6 Bxf6 11. cxd5 cxd5 12. e5 Bg7 13. h4 $14 {Moskalenko,
V-Nijboer,F/Wijk-B/1992/}) 10. Bh4 Bh6 11. g3 Nh5) 9... Nh5 $1 10. f5 (10. Qd2
$2 f6 11. Bh4 Bh6 12. g3 e5) 10... cxd5 $1 (10... gxf5 $2 11. exf5 Nf6 (11...
cxd5 12. cxd5 Nf6 13. g4 $5 Na6 $13) 12. dxc6 $1 bxc6 13. g4 $1 Rb8 14. Qd2 Na6
15. Nd4 Qb6 {Seirawan,Y-Gelfand,B)Tilburg/1990/0-1/38/} 16. b3 $1 Nc5 17. Bf3
Bb7 18. Be3 $16) 11. cxd5 (11. fxg6 $6 hxg6 $5 12. exd5 $17) 11... Nf6 $1 12.
fxg6 hxg6 13. Qd2 Na6 $1 $17) (8... Bg4 9. Qd2 Bxf3 10. Bxf3) (8... Nh5 $5 9.
f5 $1 h6 $2 (9... gxf5 10. Nh4 $5 (10. exf5 Nf6 11. g4 b5 $1 $13)) 10. Be3 gxf5
11. exf5 Nf6 12. Qc1 $1 (12. Qd2 Ng4 13. Bf4 e5 $1 14. fxe6 fxe6 $13) 12... Ng4
$6 (12... Bxf5 13. Bxh6 $16) 13. Bd2 Bxf5 (13... c5 14. h3 $1 cxd4 (14... Nf6
15. d5 $16) 15. hxg4 dxc3 16. Bxc3 $16) 14. h3 Nf6 15. Bxh6 $16 Nb4 16. O-O Bh7
17. a3 $1 Nc2 18. Bxg7 $1 $16 {Tukmakov,V-Nijboer,F/Wijk-B/1992/1-0/36/}) 9.
cxb5 cxb5 10. Bxb5 (10. a3 b4 11. axb4 Nxb4 12. O-O Bb7 $13) 10... Rb8 11. Qe2
Nc7 (11... Qb6 $6 12. O-O Nc7 13. a4 a6 14. a5 Qb7 15. Bc4 d5 (15... Qxb2 16.
Qxb2 Rxb2 17. e5 $16) 16. exd5 Ncxd5 17. Ne5 $16) 12. Bc4 (12. Bd3 Ne6 $44)
12... d5 (12... Ne6 13. O-O $14) 13. exd5 Ncxd5 14. Bxf6 (14. O-O Bb7) 14...
Nxf6 15. O-O Nh5 16. Rad1 Nxf4 17. Qe4 Nh5 $1 18. Ne5 Nf6 19. Qe2 Qb6 $2 20.
Nxf7 $18 {Gulko,B-Barsov,Y/Montreal/1992/1-0/31/}) (7. Nf3 {ChessBase} h6 $1 8.
Be3 (8. Bf4 $6 e5 $1 9. dxe5 Nh5 $13) 8... e5 9. O-O Ng4 10. Bc1 c6 $1 $13 (
10... exd4 $6 11. Nxd4 Ne5 12. Be3 $16) 11. d5 f5 12. Ne1 Nf6 13. exf5 gxf5 (
13... Bxf5 14. Nc2) 14. f4 cxd5 15. cxd5 (15. Nxd5 Be6) 15... Ng4 $1 16. Nd3
Qb6+ 17. Kh1 Ne3 18. Bxe3 Qxe3 19. fxe5 dxe5 20. Qb3 $1 $14 {Farago,I-Howell,J/
Wildbad/1990/1-0/37/}) 7... c5 $1 {Die logische Reaktion auf einen
Flankenangriff: das Zentrum wird geöffnet.} (7... h6 $5 8. Be3 e5 9. d5 Nc5 (
9... h5 10. f3 c6 11. Qd2 cxd5 12. cxd5 Bd7 13. Nh3 Nc5 14. Nf2 Rc8 15. Rc1 Qa5
16. Rf1 Nh7 17. Nb5 {Bykhovsky,Av-Dolmatov,S/Dortmund op-A/1992/1/2-1/2/44/})
10. Qc2 c6 11. h5 g5 $1 $10 (11... cxd5 12. cxd5 gxh5 13. Nf3 Ng4 14. Bxc5 dxc5
15. Rxh5 {Budnikov,A-Kruppa,Y/URS-ch58/1991/1/2-1/2/43/}) 12. f3 (12. b4 $6
Ncxe4 13. Nxe4 Nxe4 14. Qxe4 f5 15. Qc2 cxd5 16. cxd5 f4 $44) 12... a5 13. g4
$5 Bd7 14. Nh3 a4 15. Qd2 $1 (15. Nf2 cxd5 16. cxd5 Qa5 {/\ b5=}) 15... cxd5
16. cxd5 Qa5 17. Nb1 Nfxe4 18. fxe4 Nxe4 19. Qxa5 Rxa5 20. Nc3 $1 {Bareev,
E-Kasparov,G/Linares/1992/1/2-1/2/48/} Ng3) 8. d5 Nc7 9. Qd2 e6 10. e5 {Anders
ist der frühe (verfrühte?) Angriff durch 7.h4 nicht zu rechtfertigen.} (10. Nf3
exd5 11. exd5 Bg4 $15) 10... dxe5 11. d6 Nce8 12. O-O-O (12. Rd1 {Bareev,
E-Nunn,J/Hastings (12)/1992/0-1/}) 12... Qd7 (12... a5 $6 13. Nf3 Ra6 14. Nxe5
(14. Qe3 h6 $1 15. Bxf6 Nxf6 16. Nxe5 Rxd6 17. Qxc5 Nd5 $1 $17) 14... Rxd6 15.
Qe3 $44) 13. h5 b5 $5 {Angriff ist die beste Verteidigung.} 14. cxb5 Bb7 15.
Bh6 $6 (15. Nf3 Nd5 $1 $36 {Dieses Motiv wurde in der Partie Bareev-Nunn
gespielt.}) 15... Qxd6 $1 {Wahrscheinlich hatte Bareev dieses Schlagen
übersehen.} 16. Qg5 (16. Qxd6 Bxh6+) 16... Bxh6 (16... Qe7 $1) 17. Qxh6 Qe7 18.
Qg5 Ng7 19. Bf3 $1 (19. Nf3 h6 $1 20. Qxe5 (20. Qxh6 Ng4) 20... g5 $15) 19...
e4 20. Nxe4 Bxe4 21. Bxe4 h6 22. Qe3 Nxe4 23. Qxe4 g5 24. Ne2 $6 (24. Nf3 $1 {
/\ Nf3-e5} f6 $1 $13 (24... a6 $2 25. Ne5 axb5 26. Rd7 Qf6 27. Ng4 Qf4+ 28.
Qxf4 gxf4 29. Nxh6+ Kh7 30. Nxf7 Rxa2 31. Kc2 $16)) 24... a6 $1 25. bxa6 Rxa6
26. a3 $6 (26. Nc3 $5) 26... Qf6 $1 (26... Rb8 27. Qe5 $1) 27. f4 Rb8 28. Qe5
$17 (28. Rd2 Rxa3 $1 $19) 28... Qxe5 29. fxe5 Ra4 $1 30. Nc3 Rg4 31. Rd2 Nf5
32. Re1 Ng3 33. Red1 Kg7 34. Rd8 Rxd8 $2 (34... Rb3 $1 35. Kc2 Rb7 36. R1d7
Rxd7 37. Rxd7 Nxh5 {/\ Rg4xg2+}) 35. Rxd8 Ne4 (35... Nxh5 36. a4 $1) 36. Nxe4
Rxe4 37. Rd3 $6 {! Granda Zuniga: /\ Rd3-a3 Der Turm gehört hinter die
Freibauern! ? Crouch: ein Tempo zu langsam} (37. Kd2 $1 Rxe5 38. a4 $1 {+- / +/
-}) (37. Kc2 $5 Rxe5 38. a4 Re2+ 39. Rd2 Re4 40. b3 Rb4 41. Kc3 Kf8 42. a5 Ke7
43. a6 Rb8 44. Kc4 Rb4+ 45. Kxc5 Rxb3 46. Ra2 Rc3+ 47. Kb4 Rc8 48. a7 Ra8 49.
Kc5 $18 {Crouch}) 37... Kf8 (37... Rxe5 38. a4) 38. Kd2 Ke7 39. Re3 Rh4 40. Ke2
$2 (40. Rc3 $10) (40. Kc3 $6 Kd7 41. Rf3 Kc6 $1 42. Rxf7 Kd5 $17) 40... Kd7 41.
Rh3 $2 {Nach 30-minütigem Nachdenken schätzt Bareev das entstehende
Bauernendspiel falsch ein} (41. Rf3 Rxh5 42. Rxf7+ Kc6 43. a4 {Mit einigen
Chancen auf Remis.}) 41... Rxh3 42. gxh3 Kc6 43. a4 Kd5 44. a5 (44. Kd3 Kxe5
45. Kc4 Kd6 (45... f5 $19) 46. Kb5 e5 $19) 44... Kc6 45. Kd3 Kb5 46. b3 Kxa5
47. Kc4 Kb6 48. Kd3 (48. b4 cxb4 49. Kxb4 Kc6 50. Kc4 Kd7 51. Kd4 Ke7 52. Ke4
f5+ $19) 48... Kc7 $1 49. Kc3 Kb7 $1 (49... Kb7 $1 50. Kd3 Kb6 $1 51. Kc4 (51.
Kc3 Kb5 52. Kd2 Kb4 53. Kc2 c4 $19) (51. Kc2 Kc6 52. Kd3 Kd5 $19) 51... Kc6 52.
Kd3 Kd5 $19) (49... Kd7 {Hecht,HJ} 50. Kd3 Ke7 $2 51. Kc4 f5 52. exf6+ Kxf6 53.
Kxc5 e5 54. b4 e4 (54... Kf5 55. b5 e4 56. Kd4 Kf4 57. b6 e3 58. b7 e2 59.
b8=Q+ $18) 55. Kd4 Kf5 56. Ke3 (56. b5 $18) 56... Ke5 57. b5 Kd5 58. b6 Kc6 59.
Kxe4 Kxb6 60. Kf5 Kc6 61. Kg6 Kd6 62. Kxh6 Ke6 63. Kg6 $18) 0-1

[Event "Oviedo playoff"]
[Site "Oviedo"]
[Date "1993.??.??"]
[Round "?"]
[White "Polgar, Judit"]
[Black "Vaisser, Anatoli"]
[Result "1-0"]
[WhiteElo "2595"]
[BlackElo "2570"]
[Annotator "Vaisser"]
[PlyCount "103"]
[EventDate "1993.??.??"]
[EventType "game (rapid)"]
[EventRounds "1"]
[EventCountry "ESP"]
[Source "ChessBase"]
[SourceDate "1994.02.01"]

1. e4 c5 2. Nf3 e6 3. d4 cxd4 4. Nxd4 Nf6 5. Nc3 Nc6 6. Ndb5 d6 7. Bf4 e5 8.
Be3 a6 9. Na3 Rb8 10. Nd5 b5 11. c4 b4 12. Nc2 $6 (12. Nxf6+ Qxf6) 12... Nxe4
$1 13. Qf3 f5 $6 (13... Nc5 $5 $17) 14. Bd3 Ng5 15. Qh5+ $2 (15. Bxg5 $1 Qxg5
16. h4 $1 Qg4 17. Nc7+ Kd8 18. Qxc6 Bd7 19. Qxa6 Kxc7 $13) 15... Nf7 16. f4 $6
(16. Bxf5 $5 g6 17. Bxg6 hxg6 18. Qxg6 Be7 $15) 16... g6 17. Qe2 Bg7 18. Qd2 a5
19. O-O O-O 20. Rad1 Ne7 $1 21. fxe5 Nxd5 22. cxd5 dxe5 23. Bc5 Nd6 24. Ne3 Re8
25. Qe2 e4 (25... Nb7 $5) 26. Ba6 Be5 27. Rc1 Ra8 $1 28. Bxc8 Rxc8 29. Rfd1 f4
30. Ng4 Bg7 (30... Rxc5 $5 31. Rxc5 Qb6) 31. Qa6 Nf5 (31... Qg5 $1 $19) 32. d6
Qd7 33. Nf2 e3 34. Nd3 e2 $2 (34... g5 $1 $19) 35. Re1 f3 $2 36. gxf3 Rxc5 $6 (
36... Nh4 $4 37. Qc4+ $18) 37. Nxc5 Bd4+ 38. Kh1 Qxd6 39. Rxe2 $1 Rxe2 40. Qxe2
Bxc5 41. Qc4+ Kg7 42. Qxc5 Qd2 43. Rg1 Qf4 44. Qd5 Nd4 45. Qe4 Qd2 46. f4 Kh6
47. b3 Ne2 $2 (47... Qf2 $1 $10) 48. Rf1 Nc3 $2 49. Qg2 Qd3 50. f5 Nd5 $4 (
50... gxf5 $10) 51. f6 Ne3 52. f7 $1 1-0

[Event "Budapest m"]
[Site "Budapest"]
[Date "1993.??.??"]
[Round "1"]
[White "Spassky, Boris V"]
[Black "Polgar, Judit"]
[Result "1/2-1/2"]
[WhiteElo "2565"]
[BlackElo "2595"]
[Annotator "Ftacnik,L"]
[PlyCount "77"]
[EventDate "1993.01.??"]
[EventType "match"]
[EventRounds "10"]
[EventCountry "HUN"]
[Source "ChessBase"]
[SourceDate "1993.04.01"]

1. d4 Nf6 2. c4 g6 3. Nc3 Bg7 4. e4 d6 5. f3 O-O 6. Be3 c5 7. Nge2 Nc6 8. Qd2
Qa5 (8... b6 9. d5 Ne5 10. Ng3 e6 (10... h5 $5) 11. Bg5 $1 exd5 12. cxd5 a6 13.
a4 Re8 14. Be2 Qe7 15. O-O Qf8 16. Rab1 $14 {Razuvajev,Y-Vukic,M/Oberwart op/
1991/}) 9. d5 Ne5 10. Nc1 a6 11. a4 e6 $1 12. Ra3 (12. Be2 exd5 13. cxd5 b5)
12... exd5 13. cxd5 Nh5 $1 14. Be2 f5 15. exf5 gxf5 16. Bh6 Qb4 17. Bxg7 Nxg7 (
17... Qh4+ 18. g3 Nxg3 19. Bxe5 $1 Ne4+ (19... dxe5 20. Rg1) 20. Bg3 Nxg3 21.
Rg1 f4 (21... Qxh2 22. Qg5+ Kf7 23. Rxg3 $18) 22. Bd3 $18) 18. f4 Nc4 19. Bxc4
Qxc4 20. a5 Bd7 21. N1e2 Rae8 22. Kf2 (22. O-O Bb5 $1) 22... Re7 23. Rha1 Rfe8
24. Ng3 (24. Ra4 Bxa4 25. Rxa4 Rxe2+ $1 $19) 24... h5 25. Ra4 Bxa4 26. Rxa4 Qb3
27. Ra3 Qb4 28. Ra4 h4 $1 29. Rxb4 hxg3+ 30. Kxg3 cxb4 31. Nd1 Nh5+ 32. Kf3 Re1
33. Qd3 $1 Nf6 (33... R8e4 $5 34. g3 Nf6 35. Nf2 R4e3+ $2 (35... Kf7 $1 $13)
36. Qxe3 Rxe3+ 37. Kxe3 Nxd5+ 38. Kd4 $18) 34. Qxf5 Rf1+ (34... Kg7 35. Qd3 (
35. Qc2 $2 Rf1+ 36. Kg3 Ne4+ $19) 35... Ne4 $2 36. g3 $16) 35. Nf2 Ne4 36. Qg6+
Kf8 37. Qf5+ Kg8 (37... Kg7 38. Qd7+ Kf8 39. Qf5+ $10) 38. Qg6+ Kf8 39. Qf5+
1/2-1/2

[Event "Budapest zt-A"]
[Site "Budapest"]
[Date "1993.??.??"]
[Round "3"]
[White "Polgar, Judit"]
[Black "Suba, Mihai"]
[Result "0-1"]
[WhiteElo "2595"]
[BlackElo "2520"]
[Annotator "Boensch,U"]
[PlyCount "90"]
[EventDate "1993.03.??"]
[EventType "tourn"]
[EventRounds "11"]
[EventCountry "HUN"]
[EventCategory "11"]
[Source "ChessBase"]
[SourceDate "1993.06.01"]

1. e4 c5 2. Nf3 d6 3. d4 Nf6 4. Nc3 cxd4 5. Nxd4 e6 6. Be2 a6 7. O-O Qc7 8. f4
Be7 9. a4 O-O 10. Kh1 b6 11. Qd3 (11. e5 $5) 11... Bb7 12. Qh3 Nc6 (12... Nxe4
$2 13. Nxe6 $16) 13. Nxc6 Bxc6 14. Bd3 Rfd8 (14... d5 15. e5 Ne4 16. Be3 g6 17.
Bd4 Bc5 18. Ne2 $14 {Kuczynski,R-Kaminski,M Polanica Zdroj (04) 1992 1/2 27}) (
14... Rfe8 15. b3 g6 16. Bb2 Bf8 17. e5 Nd7 18. exd6 Bxd6 19. Ne4 Bxe4 20. Bxe4
Rad8 21. Bd3 $14 {Kuzmin,G-Mikhalchishin,A URS-49 ch Frunze 1981 1-0 42}) 15.
f5 $6 (15. e5 $2 dxe5 16. fxe5 Qxe5 17. Rxf6 Rxd3 $19) (15. Be3 $5 d5 16. e5
Ne4 17. Bd4 $14) 15... e5 16. Bg5 (16. g4 $2 d5 $17) 16... Qb7 17. b4 $6 (17.
Bxf6 $10) 17... b5 18. axb5 axb5 19. Qe3 (19. Bxf6 Bxf6 20. Qf3 $15) 19... Ng4
20. Qg3 (20. Qd2 Bxg5 21. Qxg5 Nf6 $17) 20... Bxg5 21. Qxg4 Rxa1 22. Rxa1 Ra8
$1 {a <->} 23. Rd1 h6 24. Nd5 Bxd5 25. exd5 Ra4 26. h3 Kf8 (26... Qxd5 27. f6
$13) 27. c3 Bf4 28. Qh4 Ra8 29. f6 $2 (29. Be4 $15) 29... g6 30. Qe1 Rc8 31. h4
Qd7 32. Bf1 Qg4 33. Rd3 e4 $1 $40 34. Qxe4 Qxh4+ 35. Rh3 Qxf6 36. Bxb5 (36. Rf3
Qh4+ 37. Rh3 Qg5 $17) 36... Be5 37. Rf3 (37. c4 $4 Qf1#) 37... Qg5 38. Qe1 Ra8
39. Bf1 Ra2 40. c4 Qh5+ 41. Rh3 Qg4 42. Rf3 (42. Rxh6 $2 Ra1 43. Qf2 Qf4 $19)
42... f5 43. c5 Ra1 44. Qf2 Bd4 45. Qe2 Qh5+ (45... Qh5+ 46. Rh3 Qxe2 $19) 0-1